| 000 | 01932nam a22002777a 4500 | ||
|---|---|---|---|
| 999 |
_c21941 _d21941 |
||
| 003 | AR-CdUCM | ||
| 008 | 190425b ||||| |||| 00| 0 spa d | ||
| 040 |
_aMUNICIPALIDAD PROVINCIAL DEL CUSCO _cBIBLIOTECA MUNICIPAL DEL CUSCO |
||
| 082 | _aRev.Anto/N°109/2006 | ||
| 110 |
_aUniversidad Nacional de San Antonio Abad del Cusco _915942 |
||
| 245 |
_aEl Antoniano : _bRevista científico cultural de la Universidad Nacional de San Antonio Abad del Cusco / _cHugo Bonet Rodríguez, director |
||
| 260 |
_aCusco : _bUNSAAC, _c2006. |
||
| 300 |
_a139 páginas. : _bilustraciones ; _c29 cm. |
||
| 440 |
_aEl Antononiano. _nAño 16, N°109, abril-mayo 2006. _946950 |
||
| 500 | _aEjemplar 2, donado Mesa Redonda Panamericana | ||
| 505 | _aContenido: La cultura quechua. Jorge Flores Ochoa. -- Entre el tiempo y el espacio historia y educación del colegio San Francisco de Borja del Cuzco. Manuel Gamarra Moscoso. -- Cuando la vida era intercambio supervivencias del trueque en el Cusco. Roberto Ojeda Escalante. -- La Geografía en el Arte. Jaime Samata Asturima. -- La trascendencia del Indigenismo con José Uriel García. Maxwell Samuel Rado Cuchills. -- Gauss el príncipe de las matemáticas. Abel Arce Carrasco. -- Conservación preventiva del acervo cultural en soporte papel. Teresa de Jesús Díaz Vera. -- Neruda, Bingham y Machupicchu. José Luis Ayala. -- Wirakocha una metahistoria. Rubén Pilares Villa. -- Procuradores patrimonio turismo y recuperación. Mario Castillo Centeno. -- Evaluación de daños producidos en las construcciones de adobe. Pio Luna Cáceres... | ||
| 650 |
_aFolklore cusqueño _98693 |
||
| 650 |
_aIdentidad cultural _92943 |
||
| 650 |
_aInkas _91899 |
||
| 650 |
_aAntropología cusqueña _945862 |
||
| 700 |
_aFlores Ochoa, Jorge _92915 |
||
| 700 |
_aPilares Villa, Rubén _946820 |
||
| 710 |
_aUniversidad Nacional de San Antonio Abad del Cusco _915942 |
||
| 942 |
_2ddc _cPP |
||
| 945 | _arac | ||